000 00628nam a22001937a 4500
005 20180711102632.0
010 _aENG-123434
020 _a9788178245256
_c795.00
035 _aEN-106966
037 _bDBAD/PUB
082 _a791.430954
100 _aMahadevan, Sudhir
245 _aA very old machine :
_cby Sudhir Mahadevan
_bthe many origins of the cinema in india /
260 _aRanikhet
_bPermanent Black
_c2018
270 _aHimalayana, Mall Road, Ranikhet Cantt.
_bRanikhet
_e263645
300 v _axiii,242p.
_c21cm(Hb)
_bill.
500 _aIt includes index
942 _2ddc
_cEN
_mMAH
_h791.430954
999 _c153804
_d153804